Culture Générale n°2 - Statistiques

Statistiques générales
  • Ce quiz a été pris 96 fois
  • Le résultat moyen est 7 sur 15
Statistiques - réponses
Hint Réponse % Correct
Qui a remporté la coupe du monde de football en 2002 ? Brésil
86%
Dans quel pays se situe la ville d'Acapulco ? Mexique
79%
Quel est le principe actif du Doliprane ? Paracétamol
62%
Quelle université française fut fondée en 1257 ? Sorbonne
58%
De quelle couleur est la ligne 8 du métro parisien ? Violet
53%
Qui a breveté la dynamite ? Alfred Nobel
52%
Quel roman du XXe siècle commence par la phrase "Aujourd'hui, maman est morte." ? L'Etranger
48%
Combien de syllabes contient un heptasyllabe ? Sept
47%
Quel est le nom commun désignant un cyclone tropical se développant dans l’hémisphère nord et qui produit des vents soutenus de la force d’un ouragan d’au moins 119 km/h ? Typhon
36%
En mathématiques, comment appelle-t-on ce type d'égalité : (a + b)^2 = a^2 + 2ab + b^2 ? Identité remarquable
33%
Quelle application fut créée en 2005 par Chad Hurley, Steve Chen et Jawed Karim ? Youtube
30%
Quel rappeur américain a été assassiné en 1996 ? Tupac Shakur
28%
Quel réalisateur franco-américain a notamment réalisé La La Land (2016) et Whiplash (2014) ? Damien Chazelle
23%
Quel nom porte le régime durant duquel Louis-Philippe a régné entre 1830 et 1848 ? Monarchie de Juillet
21%
Comment nomme-t-on les animaux se nourrissant de matières végétales ? Phytophage
7%
Aucun quiz correspondant
Distribution des résultats
% des personnes avec chaque résultat
Percentile par nombre de réponses
Votre historique - résultats
Vous n’avez pas pris ce quiz